000 00432nam a22001697a 4500
005 20180321130400.0
008 160519b xxu||||| |||| 00| 0 eng d
020 _a81-85044-62-7
041 _aeng
082 _b3277
_a338.5024658
100 _aDr. Rajkumar Prof Kuldip Gupta
_9810
245 _aManagerial Economics
260 _bUDH Publishing & Distributions
_c2008
300 _a668
650 _aManagement
_9241
942 _cBK
999 _c1115
_d1115